[Event "open game 8"]
[Site "http://www.queenalice.com/game.php?id=953895"]
[Date "2011.6.26"]
[Round "-"]
[White "Prestow"]
[Black "egs19690901"]
[Result "1-0"]
[WhiteElo "1445"]
[BlackElo "1495"]

1. Nf3 d5 2. c4 dxc4 3. Nc3 Nf6 4. e4 e6 5. Bxc4 Bc5 6. d4 Bxd4 7. Nxd4 e5 8.
Nf5 Qxd1+ 9. Kxd1 Ng4 10. Be3 Nc6 11. Nd5 O-O 12. Nxc7 Rd8+ 13. Ke2 Rb8 14. Nb5
a6 15. Nbd6 Kf8 16. Bc5 b6 17. Nxc8+ bxc5 18. Ncd6 Rxb2+ 19. Kf3 Nxf2 20. Rhf1
Ne7 21. Rxf2 Rxf2+ 22. Kxf2 g6 23. Nxe7 Kxe7 24. Nxf7 Rd4 25. Bd5 h5 26. Nxe5
Rd2+ 27. Kf3 g5 28. h3 a5 29. Nc6+ Kd6 30. Nxa5 Rd3+ 31. Ke2 Rg3 32. Kf2 h4 33.
Nc4+ Ke7 34. Ne3 Kf6 35. a4 Ke5 36. Ra3 Kf4 37. Nc4 Rxa3 38. Nxa3 Ke5 39. Nc2
Kf4 40. a5 Ke5 41. g3 hxg3+ 42. Kxg3 1-0

[Event "leking"]
[Site "http://www.queenalice.com/game.php?id=954856"]
[Date "2011.6.29"]
[Round "-"]
[White "leking"]
[Black "egs19690901"]
[Result "1-0"]
[WhiteElo "1614"]
[BlackElo "1504"]

1. e4 e5 2. Nf3 Bd6 3. Nc3 b6 4. Be2 Nf6 5. d3 Bc5 6. d4 exd4 7. Nxd4 Bxd4 8.
Qxd4 c5 9. Qd1 Nc6 10. Be3 d6 11. O-O O-O 12. Bf4 Ne8 13. Bb5 Nd4 14. Bxe8 Rxe8
15. Re1 Bh3 16. gxh3 Qh4 17. Bg3 Qxh3 18. Qd3 Qg4 19. Kg2 h5 20. h3 Qg6 21. Nd5
Ne6 22. Kh2 Rac8 23. Rg1 c4 24. Qa3 Qxe4 25. Ne3 Ng5 26. Rg2 h4 27. Bxd6 Red8
28. Rxg5 f6 29. Rg4 Qh7 30. Rag1 Rd7 31. Nd5 Rcd8 32. Nxf6+ Kh8 33. Nxh7 Kxh7
34. Rxh4+ Kg8 35. Qe3 Rxd6 36. Qe7 R6d7 37. Qe6+ Kf8 38. Rf4+ Rf7 39. Qxf7# 1-0

[Event "Challenge"]
[Site "http://www.queenalice.com/game.php?id=956415"]
[Date "2011.7.3"]
[Round "-"]
[White "shubhankar"]
[Black "egs19690901"]
[Result "0-1"]
[WhiteElo "1172"]
[BlackElo "1499"]

1. e4 e5 2. Nf3 d6 3. d4 exd4 4. Qxd4 Nc6 5. Qd1 Ne5 6. Nxe5 dxe5 7. Qxd8+ Kxd8
8. Nc3 Bb4 9. Bd2 Nf6 10. Bc4 Bc5 0-1

[Event "Fair Chess"]
[Site "http://www.queenalice.com/game.php?id=958180"]
[Date "2011.7.9"]
[Round "-"]
[White "Publio"]
[Black "egs19690901"]
[Result "1-0"]
[WhiteElo "1646"]
[BlackElo "1505"]

1. e4 e5 2. Nf3 d6 3. Nc3 Nf6 4. d4 exd4 5. Qxd4 c5 6. Qe3 a6 7. Bc4 b5 8. Bd5
Ra7 9. O-O b4 10. Ng5 Nxd5 11. exd5+ Qe7 12. Nce4 h6 13. Nxd6+ Kd7 14. Ndxf7
Qxe3 15. fxe3 Rg8 16. Ne4 Bb7 17. c4 Be7 18. Ne5+ Ke8 19. b3 Rf8 20. Ng6 Rxf1+
21. Kxf1 Bf6 22. Rb1 Bc8 23. Bb2 Bf5 24. Nd6+ Kd8 25. Nxf5 Bc3 26. Bxc3 bxc3 27.
Rc1 Rf7 28. e4 Nd7 29. Ke2 Nf6 30. Kd3 Ng4 31. h4 Nf2+ 32. Ke3 Ng4+ 33. Kf4 Nf2
34. Rxc3 Nd1 35. Rc2 Rf6 36. h5 a5 37. e5 Rb6 38. e6 1-0

[Event "Challenge"]
[Site "http://www.queenalice.com/game.php?id=958863"]
[Date "2011.7.10"]
[Round "-"]
[White "AnandaS"]
[Black "egs19690901"]
[Result "0-1"]
[WhiteElo "1127"]
[BlackElo "1497"]

1. c4 e5 2. Nc3 Bc5 3. Ne4 Qh4 4. Nxc5 Qxc4 5. Nb3 Nc6 6. e3 Qd5 7. d4 Nf6 8.
Nf3 e4 9. Nh4 d6 10. a4 O-O 11. f3 exf3 12. Nxf3 Bf5 13. Bd3 Bxd3 14. Qxd3 Nb4
15. Qd1 Rae8 16. O-O Qh5 17. Qd2 Nbd5 0-1

[Event "Challenge"]
[Site "http://www.queenalice.com/game.php?id=958864"]
[Date "2011.7.10"]
[Round "-"]
[White "egs19690901"]
[Black "AnandaS"]
[Result "1-0"]
[WhiteElo "1495"]
[BlackElo "1130"]

1. e4 e5 2. Nf3 d5 3. Nxe5 dxe4 4. Bc4 Be6 5. Qf3 exf3 6. Nxf3 Bxc4 7. d3 Bb5 8.
O-O Nh6 9. Bxh6 gxh6 10. Nc3 Bc6 11. Rae1+ Be7 12. Ne5 Bd5 13. b3 f6 14. Ng4 Rg8
15. f3 h5 16. Nh6 Bxf3 17. Rxf3 1-0

[Event "THINK TWICE"]
[Site "http://www.queenalice.com/game.php?id=965702"]
[Date "2011.7.28"]
[Round "-"]
[White "digger"]
[Black "egs19690901"]
[Result "0-1"]
[WhiteElo "1450"]
[BlackElo "1502"]

1. c4 e5 2. e4 Bc5 3. Qf3 Qf6 4. Qxf6 Nxf6 5. d3 Ng4 6. Nh3 d6 7. Nc3 Na6 8. Be2
Nf6 9. Ng5 Bg4 10. Bxg4 Nxg4 11. Nd1 Nb4 12. O-O Nxd3 13. Nh3 O-O 14. a3 f5 15.
exf5 Rxf5 16. Be3 Bxe3 17. fxe3 Rxf1+ 18. Kxf1 Rf8+ 19. Ke2 Nc5 20. Nc3 Nxh2 21.
Nf2 Ne6 22. Rh1 c5 23. Rxh2 g5 24. Ng4 Kg7 25. Ne4 Rd8 26. Nef6 Nf8 27. b3 b5
28. cxb5 Rb8 29. a4 Rd8 30. Ne4 Ng6 31. Ngf6 h6 32. g3 d5 33. Nh5+ Kf7 34. Rf2+
Ke7 35. Nxc5 Rc8 36. b4 Rf8 37. a5 Rb8 38. b6 axb6 39. axb6 Rxb6 40. Nd3 e4 41.
Nc5 Rxb4 42. Rf6 Rb2+ 43. Kd1 Rb1+ 44. Kc2 Rh1 45. Rxg6 Rxh5 46. Kc3 Kf7 47. Re6
Rh3 48. Kd2 Kg7 49. g4 Rg3 50. Re5 Rxg4 51. Rxd5 h5 52. Kc3 h4 53. Rd1 Kf6 54.
Kd4 Kf5 55. Rf1+ Kg6 56. Nd7 h3 57. Ne5+ Kh5 58. Nxg4 Kxg4 59. Kxe4 Kh4 60. Kf3
g4+ 61. Kf2 g3+ 62. Kg1 g2 63. Rf4+ Kg3 64. Rg4+ Kxg4 65. Kh2 Kh4 66. e4 Kg4 67.
e5 Kf3 68. e6 Kf2 69. Kxh3 g1=Q 70. e7 Qg3# 0-1

[Event "Let's Play Chess!"]
[Site "http://www.queenalice.com/game.php?id=967247"]
[Date "2011.7.31"]
[Round "-"]
[White "egs19690901"]
[Black "AMDias"]
[Result "0-1"]
[WhiteElo "1502"]
[BlackElo "1196"]

1. e4 e5 2. Nf3 Nf6 3. Bd3 Bb4 4. Nxe5 d6 5. Nf3 c5 6. a3 Ba5 7. Bc4 a6 8. Ng5
Bg4 9. Be2 h5 10. Bf3 Nc6 11. h3 Ne5 12. hxg4 h4 13. Nh3 c4 14. b4 Bb6 15. g5
Nfd7 16. Nf4 Qxg5 17. Nh3 Qf6 18. d4 Bxd4 19. Qxd4 Nxf3+ 20. gxf3 Qxd4 21. Ra2
Ne5 22. Ng5 f6 23. Be3 Nd3+ 24. cxd3 Qxd3 25. Rd2 Qxb1+ 26. Rd1 Qb2 27. Ne6 Kf7
28. Rxd6 Qa1+ 29. Rd1 Qc3+ 30. Bd2 Qxf3 31. Nd4 Qxh1+ 32. Ke2 Qxe4+ 33. Be3 h3
34. f3 Qh4 35. Nf5 Qh5 36. Nd6+ Kg8 37. Nxb7 h2 38. Rh1 Qd5 39. Nc5 Rh3 40. Ne4
Qd3+ 41. Kf2 Re8 42. Re1 Qc2+ 43. Re2 Qd1 44. Nc3 Qg1# 0-1

[Event "Let's Play Chess!"]
[Site "http://www.queenalice.com/game.php?id=967946"]
[Date "2011.8.2"]
[Round "-"]
[White "egs19690901"]
[Black "prisci3210teca"]
[Result "1-0"]
[WhiteElo "1455"]
[BlackElo "1208"]

1. e4 e5 2. Nf3 f6 3. a3 Nc6 4. Nc3 g5 5. Be2 Nge7 6. Bb5 Na5 7. b4 c6 8. Bd3
Ng6 9. bxa5 a6 10. O-O Nf4 11. Bc4 b5 12. Bb3 d6 13. g3 Nh3+ 14. Kh1 g4 15. Nh4
h5 16. Ng6 Rg8 17. Bxg8 Bg7 18. Nh4 d5 19. exd5 Ke7 20. Ng6+ Kd7 21. Be6+ Ke8
22. Nh4 Bb7 23. Nf5 1-0

[Event "GamXYZ10"]
[Site "http://www.queenalice.com/game.php?id=976662"]
[Date "2011.8.26"]
[Round "-"]
[White "egs19690901"]
[Black "pjbrito"]
[Result "0-1"]
[WhiteElo "1492"]
[BlackElo "1633"]

1. e4 c5 2. Bc4 Nc6 3. Qf3 Nf6 4. d3 e6 5. Nh3 Ne5 6. Qg3 Nxc4 7. dxc4 Nxe4 8.
Qf3 d5 9. cxd5 exd5 10. c4 Nf6 11. cxd5 Nxd5 12. Qh5 Be7 13. Bg5 Nb4 14. Na3 b6
15. O-O Bxh3 16. Qxh3 Bxg5 17. Rfe1+ Be7 18. Rad1 Qc7 19. Rd7 Qxd7 20. Qxd7+
Kxd7 21. Rd1+ Kc6 22. f4 f5 23. Kf2 Nxa2 24. Nc4 Nb4 25. Ne5+ Kb5 26. Rd7 Bf6
27. Nf7 Rhd8 28. Rxd8 Bxd8 29. Nd6+ Kc6 30. Nxf5 g6 31. Ng7 Nd3+ 32. Ke3 Nxb2
33. g4 a5 34. Kd2 a4 35. Kc1 a3 36. Kb1 a2+ 37. Ka1 Nd3 38. f5 Bf6# 0-1

[Event "Let's Play Chess!"]
[Site "http://www.queenalice.com/game.php?id=976967"]
[Date "2011.8.26"]
[Round "-"]
[White "Atalxxi"]
[Black "egs19690901"]
[Result "1-0"]
[WhiteElo "1100"]
[BlackElo "1519"]

1. d4 d5 2. Nc3 Nc6 3. Nf3 g6 4. e3 Bf5 5. a3 e6 6. Bb5 Qd7 7. Ne5 Qd6 8. Qe2 a6
9. Bxc6+ bxc6 10. e4 dxe4 11. Bf4 Qxd4 12. Rd1 Qb6 13. Qd2 Rd8 14. Qxd8# 1-0

[Event "Let's Play Chess!"]
[Site "http://www.queenalice.com/game.php?id=981316"]
[Date "2011.9.5"]
[Round "-"]
[White "albemo"]
[Black "egs19690901"]
[Result "1-0"]
[WhiteElo "1240"]
[BlackElo "1519"]

1. f4 d5 2. Nf3 Nf6 3. e3 e6 4. Be2 b6 5. O-O Ba6 6. d3 Nc6 7. b3 d4 8. e4 Be7
9. Nbd2 Ng4 10. Nc4 b5 11. Nce5 Ngxe5 12. fxe5 h6 13. Qe1 Bb4 14. Bd2 Bxd2 15.
Qxd2 g5 16. Rac1 g4 17. Ne1 Nxe5 18. b4 h5 19. Qf4 f6 20. c3 Ng6 21. Qxf6 Qxf6
22. Rxf6 Nf8 23. cxd4 Ke7 24. Rf1 Ng6 25. Rxc7+ Kd8 26. Rff7 Bc8 27. Nc2 Rf8 28.
Rg7 Nf4 29. Bf1 a6 30. d5 exd5 31. Nd4 dxe4 32. Nc6+ Ke8 33. Rce7# 1-0

[Event "Let's Play Chess!"]
[Site "http://www.queenalice.com/game.php?id=981317"]
[Date "2011.9.5"]
[Round "-"]
[White "albemo"]
[Black "egs19690901"]
[Result "1-0"]
[WhiteElo "1464"]
[BlackElo "1482"]

1. f4 Nf6 2. Nf3 d5 3. e3 Bf5 4. Be2 e6 5. O-O Be7 6. d3 Nc6 7. b3 d4 8. e4 Bg4
9. Nbd2 Bxf3 10. Nxf3 O-O 11. Qe1 Nb4 12. Qd1 c5 13. a3 Nc6 14. Qe1 Qa5 15. Bd2
Qc7 16. Kh1 b5 17. Rg1 e5 18. f5 h6 19. Qg3 Nh5 20. Qf2 g5 21. Nxg5 hxg5 22.
Bxh5 Bf6 23. Qg3 Kg7 24. Bxg5 Rh8 25. Bh4+ Kf8 26. Bxf6 Rg8 27. Qf2 Qd6 28. Bh4
Qh6 29. g4 Qf4 30. Qxf4 exf4 31. Raf1 Ne5 32. Bf6 Nd7 33. e5 Nxf6 34. exf6 a5
35. Re1 Re8 36. Rxe8+ Kxe8 37. Re1+ Kd7 38. Re7+ Kd6 39. h3 f3 40. Kg1 a4 41.
Kf2 axb3 42. cxb3 Ra8 43. Bxf7 Rxa3 44. Kxf3 c4 45. dxc4 Rxb3+ 46. Ke4 d3 47.
c5+ Kxc5 48. Bxb3 d2 49. f7 Kb4 50. Bd1 Kc3 51. f8=Q Kb2 52. Rc7 b4 53. Qxb4+
Ka2 54. Ra7# 1-0

[Event "Challenge"]
[Site "http://www.queenalice.com/game.php?id=983983"]
[Date "2011.9.11"]
[Round "-"]
[White "albemo"]
[Black "egs19690901"]
[Result "1-0"]
[WhiteElo "1612"]
[BlackElo "1465"]

1. f4 d5 2. Nf3 Bf5 3. b3 g6 4. Bb2 f6 5. d3 Nh6 6. Nc3 d4 7. Nb1 Nc6 8. h3 Qd6
9. g3 O-O-O 10. Nbd2 Bg4 11. Ne4 Qd7 12. hxg4 Nxg4 13. Bc1 f5 14. Neg5 Nh6 15.
Ba3 e6 16. Bxf8 Rdxf8 17. Rxh6 Qg7 18. Rh1 Re8 19. Bg2 h6 20. Nh3 e5 21. fxe5
Nxe5 22. Nxe5 Qxe5 23. Rg1 Qxg3+ 24. Kf1 g5 25. Bxb7+ Kxb7 26. Rxg3 f4 27. Rg1
Re3 28. Nf2 Rhe8 29. Ne4 h5 30. Rxg5 h4 31. Qe1 f3 32. Qb4+ Kc8 33. Re1 h3 34.
Rh5 Rg8 35. Rxh3 Rxe2 36. Rxe2 fxe2+ 37. Kxe2 Rg2+ 38. Nf2 1-0

[Event "Let's Play Chess!"]
[Site "http://www.queenalice.com/game.php?id=986998"]
[Date "2011.9.19"]
[Round "-"]
[White "luanmateus22"]
[Black "egs19690901"]
[Result "0-1"]
[WhiteElo "1215"]
[BlackElo "1463"]

1. d4 d5 2. c4 dxc4 3. Nc3 Bf5 4. b3 Be6 5. Nf3 Bg4 6. bxc4 Bxf3 7. exf3 e6 8.
Bd3 Qxd4 9. Qd2 Nc6 10. Be4 Qxc4 11. Rb1 Rd8 12. Qf4 Qxc3+ 13. Ke2 Nd4+ 14. Kd1
Nxf3+ 15. Ke2 Qc2+ 16. Bxc2 Nd4+ 17. Kd1 Nxc2+ 18. Kxc2 Bd6 19. Qa4+ c6 20. Qxa7
b5 21. Qb6 Ne7 22. Bb2 O-O 23. h4 Rb8 24. Qa7 Ra8 25. Qd4 f6 26. Qxd6 Nf5 27.
Qxe6+ Rf7 28. Qxf5 Rxa2 29. Qe6 b4 30. Qxa2 Kf8 0-1

[Event "Let's Play Chess!"]
[Site "http://www.queenalice.com/game.php?id=999517"]
[Date "2011.10.22"]
[Round "-"]
[White "digger"]
[Black "egs19690901"]
[Result "0-1"]
[WhiteElo "1539"]
[BlackElo "1514"]

1. e4 e5 2. Bc4 Qf6 3. Qf3 Nc6 4. Qxf6 Nxf6 5. Nc3 Nd4 6. Bd3 Bb4 7. Nge2 Nxe2
8. Bxe2 Bxc3 9. dxc3 Nxe4 10. Bf3 Nc5 11. O-O e4 12. Be2 d5 13. Be3 Na4 14. Bb5+
Bd7 15. Bxa4 Bxa4 16. b3 Bb5 17. Rfd1 c6 18. Rd4 Be2 19. Re1 Bh5 20. c4 Rd8 21.
cxd5 cxd5 22. Rb4 b6 23. Bd4 O-O 24. Bb2 Rd6 25. c4 dxc4 26. Rxc4 Re8 27. g3 b5
28. Rb4 a6 29. Rbxe4 Rxe4 30. Rxe4 Rd1+ 31. Kg2 Rd8 32. h3 Bg6 33. Re7 Kf8 34.
Ba3 Kg8 35. Bb4 Bb1 36. a4 Bc2 37. axb5 axb5 38. Re3 f5 39. Ba5 Rf8 40. b4 f4
41. gxf4 Rxf4 42. f3 g5 43. Kg3 h5 44. Kf2 Rh4 45. Kg3 Bf5 46. Re5 Rxh3+ 47. Kg2
Bd7 48. Rxg5+ Kf7 49. f4 Kf6 50. Rd5 Ke7 51. f5 Re3 52. Bb6 Rb3 53. Bc5+ Ke8 54.
f6 Bc6 55. Kh2 Bxd5 56. Bd6 Kf7 57. Be7 h4 58. Bd8 Rxb4 59. Kh3 Be6+ 60. Kg2 h3+
61. Kh2 Ke8 62. Be7 Rb2+ 63. Kh1 Bd5+ 64. Kg1 h2+ 65. Kf1 h1=Q# 0-1

[Event "Let's Play Chess!"]
[Site "http://www.queenalice.com/game.php?id=999518"]
[Date "2011.10.23"]
[Round "-"]
[White "egs19690901"]
[Black "kre"]
[Result "1-0"]
[WhiteElo "1482"]
[BlackElo "1569"]

1. e4 e5 2. Bc4 Nf6 3. d3 c6 4. Nf3 d5 5. exd5 Nxd5 6. Nxe5 f6 7. Nf3 Be7 8.
Bxd5 cxd5 9. Bf4 O-O 10. Bxb8 Rxb8 11. O-O b5 12. a3 h5 13. Nc3 Be6 14. Qe2 Bg4
15. Rae1 Bd6 16. Nxd5 Re8 17. Qxe8+ Qxe8 18. Rxe8+ Rxe8 19. Nd4 a6 20. h3 Bd7
21. Nb6 Be5 22. Nf3 Bc6 23. Nh4 Bxb2 24. Nf5 Bxa3 25. c4 bxc4 26. Nxc4 Bb4 27.
Rb1 Re1+ 28. Rxe1 Bxe1 29. Ne7+ 1-0

[Event "Let's Play Chess!"]
[Site "http://www.queenalice.com/game.php?id=1002888"]
[Date "2011.10.30"]
[Round "-"]
[White "Albyrdee"]
[Black "egs19690901"]
[Result "1-0"]
[WhiteElo "1637"]
[BlackElo "1501"]

1. d4 d5 2. c4 dxc4 3. Nf3 e6 4. e3 Bb4+ 5. Bd2 Bxd2+ 6. Nbxd2 b5 7. a4 Qd5 8.
axb5 Qxb5 9. Bxc4 Qxb2 10. Rb1 Qa3 11. Ne5 Nd7 12. Qf3 Nb6 13. Qxf7+ Kd8 14.
Nc6# 1-0

[Event "Let's Play Chess!"]
[Site "http://www.queenalice.com/game.php?id=1009137"]
[Date "2011.11.18"]
[Round "-"]
[White "Hanuman"]
[Black "egs19690901"]
[Result "0-1"]
[WhiteElo "1264"]
[BlackElo "1508"]

1. e4 e5 2. Nf3 d6 3. d4 Be7 4. d5 Bg4 5. Be2 Nf6 6. Nbd2 a6 7. h3 Bd7 8. b3 Nh5
9. g4 Nf4 10. h4 Bxg4 11. Nc4 Bxf3 12. Bxf3 b5 0-1